Breve historia del modernismo

Saved in:
Bibliografiske detaljer
Hovedforfatter: Henríquez Ureña, Max (Author)
Format: Bog
Sprog:spansk
Udgivet: Ciudad de México Fondo de Cultura Económica 1954
Fag:
Tags: Tilføj Tag
Ingen Tags, Vær først til at tagge denne postø!

MARC

LEADER 00000nam a2200000 a 4500
001 UCQ6469
003 CL-VaPUC
008 981016e19540000MX |||||||||||||||||spa|d
082 0 4 |a H860.9  |b HEN  |2 21 
100 |a Henríquez Ureña, Max  |e author  |9 420366 
245 1 0 |a Breve historia del modernismo 
300 |a 544 p 
942 |c BK 
945 |d 19981016 00:00:00  |a crobeson 
260 |a Ciudad de México  |b Fondo de Cultura Económica  |c 1954 
650 0 |a Literatura hispanoamericana  |9 269097 
650 0 |a Historia y crítica   |9 257407 
650 7 |a MODERNISMO EN LA LITERATURA  |2 CL-VaPUC  |9 344204 
583 |a last modification  |c 19981016 00:00:00  |k Rodrigo Vera 
999 |c 276426  |d 276424 
952 |0 0  |1 0  |4 0  |6 H_860_900000000000000_HEN_1954  |7 0  |8 A  |9 313645  |a BIBEDU  |b BIBEDU  |d 2019-11-20  |i 1481983  |o H860.9 HEN 1954  |p 1481983  |r 2019-11-20  |w 2019-11-20  |y BK  |k LIT